Boeing Planes by Picture - Statistics

General Stats
  • This quiz has been taken 1,030 times
    903 since last reset
  • The average score is 9 of 10
Answer Stats
Picture Answer % Correct
747
98%
777
96%
737
95%
757
94%
767
93%
787
91%
717
90%
707
89%
727
87%
Dream lifter
80%
No matching quizzes found
Score Distribution
Percent of People with Each Score
Percentile by Number Answered
Your Score History
You have not taken this quiz since the last reset